[Event "C&D 2015"]
[Site "?"]
[Date "2015.04.04"]
[Round "4.7"]
[White "Vanhauwaert, Kurt"]
[Black "Peelman, Lieven"]
[Result "0-1"]
[WhiteElo "1846"]
[BlackElo "1580"]
[PlyCount "90"]
[EventDate "2015.??.??"]

1. e4 c5 2. Nf3 Nc6 3. d4 cxd4 4. Nxd4 Nf6 5. Nc3 a6 6. Be2 g6 7. Be3 Bg7 8.
O-O O-O 9. f4 d6 10. f5 Ne5 11. Nb3 Bd7 12. Nd2 Rc8 13. h3 Qa5 14. g4 Rxc3 15.
bxc3 Qxc3 16. Kf2 Bc6 17. Bf3 Nxf3 18. Kxf3 Bh6 19. Qe2 d5 20. Kf2 Bb5 21. Qf3
Qxe3+ 22. Qxe3 Bxe3+ 23. Kxe3 Bxf1 24. Rxf1 Rc8 25. Rc1 Rc3+ 26. Kf4 Rxh3 27.
e5 Nd7 28. Nf3 g5+ 29. Nxg5 Ra3 30. Rh1 Ra4+ 31. Kf3 Nxe5+ 32. Ke2 Rxg4 33. Nf3
Rg2+ 34. Ke3 Nxf3 35. Kxf3 Rxc2 36. a4 Ra2 37. Rh4 e6 38. f6 b5 39. axb5 axb5
40. Rg4+ Kf8 41. Rb4 Ra3+ 42. Kg2 Ra5 43. Rh4 Ke8 44. Rxh7 Kf8 45. Rh5 45...
Ke8 {verder onduidelijk} 0-1

[Event "C&D 2015"]
[Site "?"]
[Date "2015.04.04"]
[Round "4.8"]
[White "Vanhee, Freddy"]
[Black "Lefebvre, Willy"]
[Result "1-0"]
[WhiteElo "1833"]
[BlackElo "1555"]
[PlyCount "45"]
[EventDate "2015.??.??"]

1. b3 Nf6 2. Bb2 d5 3. e3 g6 4. Nf3 Bg7 5. d4 Bg4 6. Nbd2 Nc6 7. Be2 Qd7 8. h3
Bf5 9. Nh4 O-O 10. Nxf5 Qxf5 11. Bg4 Qg5 12. a3 h5 13. Bf3 Qf5 14. g4 Qd7 15.
gxh5 Nxh5 16. Bxh5 gxh5 17. Qxh5 Qe6 18. Rg1 f6 19. O-O-O Qf7 20. Rg6 Qe8 21.
Rdg1 Rf7 22. Qh6 Kf8 23. Qh8+ 1-0

[Event "C&D 2015"]
[Site "?"]
[Date "2015.04.04"]
[Round "4.9"]
[White "Heyerick, Anton"]
[Black "D'Hooge, Frank"]
[Result "1/2-1/2"]
[WhiteElo "1574"]
[BlackElo "1791"]
[PlyCount "50"]
[EventDate "2015.??.??"]

1. e4 c5 2. Nf3 e6 3. Nc3 Nc6 4. d4 cxd4 5. Nxd4 Nf6 6. Ndb5 d6 7. Bg5 a6 8.
Bxf6 gxf6 9. Nd4 Nxd4 10. Qxd4 e5 11. Qe3 f5 12. O-O-O f4 13. Qd3 Be6 14. Nd5
Rc8 15. Kb1 Bxd5 16. Qxd5 Qc7 17. Qb3 Be7 18. Be2 Qc5 19. Rd2 Rc7 20. Rhd1 O-O
21. Qh3 Qxf2 22. Bxa6 Qh4 23. Qxh4 Bxh4 24. Be2 Be7 25. Bf3 Kg7 1/2-1/2

[Event "C&D 2015"]
[Site "?"]
[Date "2015.04.04"]
[Round "4.10"]
[White "Verbruggen, Peter"]
[Black "Huysman, Robert"]
[Result "1-0"]
[WhiteElo "1789"]
[BlackElo "1503"]
[PlyCount "53"]
[EventDate "2015.??.??"]

1. d4 Nf6 2. c4 b6 3. Nc3 e6 4. Bg5 Bb7 5. e3 Be7 6. Nf3 d6 7. Be2 Nbd7 8. O-O
O-O 9. h3 c5 10. dxc5 Nxc5 11. Qc2 Nfe4 12. Bxe7 Qxe7 13. Nxe4 Nxe4 14. Bd3 f5
15. Rad1 Nf6 16. Nd4 Ne4 17. Be2 Rf6 18. Bf3 Rb8 19. Qa4 Ba8 20. Qa3 Rc8 21.
Qb4 e5 22. Nb5 Rc5 23. Rd3 a6 24. Na3 Qc7 25. Qa4 Qc8 26. Rfd1 Rc6 27. b4 1-0

[Event "C&D 2015"]
[Site "?"]
[Date "2015.04.06"]
[Round "5.1"]
[White "Boschmans, Jos"]
[Black "De Graef, Marc"]
[Result "1-0"]
[WhiteElo "1881"]
[BlackElo "1834"]
[PlyCount "65"]
[EventDate "2015.??.??"]

1. d4 e5 2. dxe5 Nc6 3. Nf3 Qe7 4. e3 Nxe5 5. Be2 c6 6. c4 Nxf3+ 7. Bxf3 Qb4+
8. Nd2 g6 9. a3 Qe7 10. O-O Bg7 11. Ne4 Be5 12. c5 b6 13. Nd6+ Bxd6 14. cxd6
Qe6 15. Qd4 Qf6 16. Bd2 Qxd4 17. exd4 f6 18. b4 Ba6 19. Rfe1+ Kf7 20. d5 c5 21.
bxc5 bxc5 22. Rac1 c4 23. Bc3 h5 24. Re7+ Nxe7 25. dxe7 d6 26. Re1 Rhe8 27. Re6
Rab8 28. h4 Rb3 29. Bxf6 c3 30. Be4 Bc4 31. Bg5 Bxd5 32. Bxd5 Rb1+ 33. Re1+ 1-0

[Event "C&D 2015"]
[Site "?"]
[Date "2015.04.06"]
[Round "5.2"]
[White "Harutyunyan, Axel"]
[Black "Van Muylem, Tom"]
[Result "1-0"]
[WhiteElo "1833"]
[BlackElo "1796"]
[PlyCount "79"]
[EventDate "2015.??.??"]

1. e4 c6 2. d4 d5 3. e5 c5 4. dxc5 Nc6 5. Nf3 Bg4 6. Be2 e6 7. Bf4 Bxc5 8. Nbd2
Nge7 9. O-O Ng6 10. Bg3 O-O 11. h3 Bxf3 12. Nxf3 Rc8 13. Bd3 a6 14. h4 Nb4 15.
h5 Ne7 16. Bh4 Nxd3 17. Qxd3 Qc7 18. g4 h6 19. Kh1 Nc6 20. Bg3 Nb4 21. Qd2 Be7
22. c3 Nc6 23. Rg1 Na5 24. Bf4 Nc4 25. Qc1 Qb6 26. b3 Ba3 27. Qc2 Na5 28. g5
hxg5 29. Nxg5 f5 30. exf6 Rxf6 31. Qh7+ Kf8 32. Nxe6+ Qxe6 33. Qxg7+ Ke8 34.
Rae1 Be7 35. Rxe6 Rxe6 36. Rd1 Nc6 37. Rxd5 Rf6 38. Qg8+ Rf8 39. Qg6+ Rf7 40.
Rf5 1-0

[Event "C&D 2015"]
[Site "?"]
[Date "2015.04.06"]
[Round "5.3"]
[White "Vandamme, Florian"]
[Black "Broekmans, Patrik"]
[Result "1/2-1/2"]
[WhiteElo "1788"]
[BlackElo "1803"]
[PlyCount "97"]
[EventDate "2015.??.??"]

1. b4 a5 2. b5 b6 3. e3 Bb7 4. Nf3 d6 5. Bb2 Nf6 6. Be2 Nbd7 7. d4 g6 8. O-O
Bg7 9. a4 O-O 10. c4 e6 11. Nc3 Ne4 12. Nxe4 Bxe4 13. Nd2 Bb7 14. f4 f5 15. Bf3
Bxf3 16. Qxf3 Nf6 17. Rfd1 d5 18. Ba3 Re8 19. c5 Bf8 20. Nb3 Ne4 21. Rac1 Rc8
22. Rc2 g5 23. g4 Kh8 24. Rdc1 Qd7 25. Nd2 gxf4 26. Nxe4 dxe4 27. Qxf4 Qg7 28.
Rg2 Qh6 29. Qxh6 Bxh6 30. g5 Bf8 31. Rgc2 Be7 32. h4 Kg7 33. Bb2 bxc5 34. dxc5+
Kf7 35. Bd4 h6 36. b6 hxg5 37. b7 Rb8 38. c6 Bd6 39. hxg5 Rg8 40. Rg2 e5 41.
Ba7 f4 42. Bxb8 Rxb8 43. Rc4 Kg6 44. exf4 exf4 45. Rxe4 Kf5 46. Rge2 f3 47. Re1
Bg3 48. Re8 f2+ 49. Kf1 1/2-1/2

[Event "C&D 2015"]
[Site "?"]
[Date "2015.04.06"]
[Round "5.4"]
[White "Bauwens, Steven"]
[Black "Vanhee, Freddy"]
[Result "0-1"]
[WhiteElo "1708"]
[BlackElo "1833"]
[PlyCount "94"]
[EventDate "2015.??.??"]

1. b3 Nf6 2. Bb2 d6 3. f4 g6 4. Nf3 Bg7 5. e3 O-O 6. Be2 c5 7. O-O Nc6 8. Bb5
Qb6 9. Bxc6 bxc6 10. d3 Nd5 11. Bxg7 Kxg7 12. Qe2 c4 13. Nd4 cxd3 14. cxd3 e5
15. fxe5 dxe5 16. Nc2 Nf4 17. Qf3 Ba6 18. Nc3 Nxd3 19. Qf6+ Kg8 20. Kh1 Qc5 21.
Ne4 Qxc2 22. Qh4 f5 23. Ng5 h5 24. Nh3 Rae8 25. Qg5 Kh7 26. Qh4 Qe2 27. Rf3 e4
28. Rg3 Nf2+ 29. Nxf2 Qxf2 30. Qg5 Re6 31. Rd1 Bd3 32. Qh4 Qe2 33. Rg1 Qf2 34.
Qg5 f4 35. Rh3 fxe3 36. Rxh5+ Kg8 37. h3 Qxg1+ 38. Kxg1 e2 39. Rh6 e1=Q+ 40.
Kh2 Rff6 41. Rxg6+ Rxg6 42. Qd8+ Kf7 43. Qd7+ Re7 44. Qf5+ Kg7 45. g4 Qd2+ 46.
Kg3 Rf6 47. Qg5+ Qxg5 0-1

[Event "C&D 2015"]
[Site "?"]
[Date "2015.04.06"]
[Round "5.5"]
[White "Boeckx, Ben"]
[Black "Van Hoecke, Elena"]
[Result "1/2-1/2"]
[WhiteElo "1673"]
[BlackElo "1826"]
[PlyCount "86"]
[EventDate "2015.??.??"]

1. e4 e5 2. f4 Bc5 3. Nf3 d6 4. c3 Nc6 5. d4 exd4 6. cxd4 Bb6 7. Nc3 Bg4 8. Be3
Bxf3 9. gxf3 Qh4+ 10. Ke2 Nf6 11. Qd2 Nh5 12. Bg2 O-O-O 13. Nd5 Nf6 14. Nxb6+
axb6 15. b4 Qh5 16. Kd3 Qb5+ 17. Kc2 Nxb4+ 18. Kd1 Qa4+ 19. Ke2 Nc2 20. Rac1
Nxe3 21. Kxe3 Rhe8 22. Kf2 Nh5 23. Rc3 c6 24. Rhc1 d5 25. e5 Kc7 26. R1c2 f6
27. Bh3 fxe5 28. fxe5 Rf8 29. Re3 Nf4 30. Bg4 h5 31. e6 Rde8 32. e7 Rf7 33. Be6
Nxe6 34. Rxe6 Rfxe7 35. Qf4+ Kc8 36. Rxe7 Rxe7 37. Qf8+ Kd7 38. Qf5+ Kd8 39.
Qf8+ Kd7 40. Qf5+ Kd6 41. Qf4+ Kd7 42. Qf5+ Kc7 43. Qf4+ Kc8 1/2-1/2

[Event "C&D 2015"]
[Site "?"]
[Date "2015.04.06"]
[Round "5.6"]
[White "Peelman, Lieven"]
[Black "Verbruggen, Peter"]
[Result "1-0"]
[WhiteElo "1580"]
[BlackElo "1789"]
[PlyCount "97"]
[EventDate "2015.??.??"]

1. c4 g6 2. Nc3 Bg7 3. d4 d6 4. g3 c5 5. e3 cxd4 6. exd4 Bd7 7. Bg2 Bc6 8. Nf3
Nf6 9. O-O O-O 10. Re1 Qc7 11. Qd3 Re8 12. Bf4 Nh5 13. Bd2 e6 14. Rab1 Bxf3 15.
Bxf3 Nf6 16. Nb5 Qd7 17. Bb4 Bf8 18. Qa3 Rd8 19. Ba5 d5 20. Qc3 Rc8 21. Na3 Nc6
22. c5 Ne7 23. Bb4 Nc6 24. Nc2 b6 25. Ba3 Na5 26. b4 Nc4 27. Bc1 Rab8 28. Bg5
Bg7 29. Ne3 bxc5 30. bxc5 Nxe3 31. Qxe3 Qa4 32. Qd2 Nd7 33. Be3 Nf6 34. Bf4
Rxb1 35. Rxb1 Ne4 36. Bxe4 dxe4 37. Be3 Qc6 38. Qb4 Bf8 39. Qb7 Qc7 40. Qxe4
Rb8 41. Bf4 Rxb1+ 42. Qxb1 Qc6 43. Be5 Qf3 44. Qb3 Qe4 45. a4 Qe1+ 46. Kg2 Qe4+
47. Qf3 Qc2 48. Qf6 Bg7 49. Qxg7# 1-0

[Event "C&D 2015"]
[Site "?"]
[Date "2015.04.06"]
[Round "5.7"]
[White "Wagner, Hans"]
[Black "Moerman, Thomas"]
[Result "0-1"]
[WhiteElo "1735"]
[BlackElo "1555"]
[PlyCount "62"]
[EventDate "2015.??.??"]

1. e4 d6 2. d4 Nf6 3. f3 c6 4. c4 e6 5. Nc3 Be7 6. Nge2 d5 7. e5 Nfd7 8. Ng3
O-O 9. Be2 dxc4 10. Bxc4 Nb6 11. Be2 Nd5 12. O-O Qb6 13. Kh1 Rd8 14. Na4 Qc7
15. Nh5 c5 16. Nxc5 Bxc5 17. dxc5 Ne3 18. Qxd8+ Qxd8 19. Bxe3 Nd7 20. Rad1 Qe7
21. f4 b6 22. c6 Nc5 23. Rd4 Ba6 24. Bxa6 Nxa6 25. Rfd1 h6 26. Rd7 Qh4 27. Ng3
Kh7 28. Rxf7 Rd8 29. Rdd7 Rxd7 30. Rxd7 Qg4 31. Kg1 Qg6 0-1

[Event "C&D 2015"]
[Site "?"]
[Date "2015.04.06"]
[Round "5.9"]
[White "Verbrugghe, Patrick"]
[Black "Carlier, Sven"]
[Result "0-1"]
[WhiteElo "1710"]
[BlackElo "1894"]
[PlyCount "70"]
[EventDate "2015.??.??"]

1. d4 c5 2. d5 e6 3. c4 exd5 4. cxd5 d6 5. Nf3 Ne7 6. Nc3 Ng6 7. e4 Be7 8. Be2
O-O 9. O-O a6 10. a4 Nd7 11. Re1 Bf6 12. Bd2 Re8 13. Qc2 Nde5 14. Rad1 Bd7 15.
Qb1 Nxf3+ 16. Bxf3 b5 17. Qc2 b4 18. Ne2 Ne5 19. Ng3 Nxf3+ 20. gxf3 b3 21. Qc4
Bxb2 22. Rb1 Qf6 23. Nf5 Bxf5 24. exf5 Rxe1+ 25. Rxe1 Qd4 26. Qxa6 Qxd5 27. Qe2
h6 28. Bxh6 gxh6 29. Qxb2 {=} 29... Qxf3 30. Re3 Qd1+ 31. Kg2 Kh7 32. Rg3 Rg8
33. Qc3 Rxg3+ 34. Qxg3 Qd5+ 35. Kg1 35... b2 {opgave} 0-1

[Event "C&D 2015"]
[Site "?"]
[Date "2015.04.06"]
[Round "5.10"]
[White "Deloof, Koen"]
[Black "Droesbeke, Patrick"]
[Result "1/2-1/2"]
[WhiteElo "1669"]
[BlackElo "1827"]
[PlyCount "28"]
[EventDate "2015.??.??"]

1. Nf3 Nf6 2. g3 g6 3. Bg2 Bg7 4. O-O O-O 5. d4 d6 6. b3 c6 7. Bb2 Nbd7 8. Nbd2
Re8 9. c4 e5 10. dxe5 Nxe5 11. Nxe5 dxe5 12. Ne4 Nxe4 13. Qxd8 Rxd8 14. Bxe4
14... Be6 {verder onduidelijk} 1/2-1/2

[Event "C&D 2015"]
[Site "?"]
[Date "2015.04.06"]
[Round "6.1"]
[White "Harutyunyan, Axel"]
[Black "Boschmans, Jos"]
[Result "1-0"]
[WhiteElo "1833"]
[BlackElo "1881"]
[PlyCount "137"]
[EventDate "2015.??.??"]

1. e4 c6 2. d4 d5 3. e5 c5 4. dxc5 Nc6 5. Bb5 e6 6. c3 Bxc5 7. Nf3 Qb6 8. Bxc6+
bxc6 9. Qc2 Ba6 10. b4 Bf8 11. Be3 Qc7 12. Nbd2 Ne7 13. Bf4 Ng6 14. Bg3 Be7 15.
a3 O-O 16. c4 dxc4 17. Nxc4 c5 18. b5 Bxb5 19. O-O Rfd8 20. Rfe1 Bc6 21. Ncd2
Qa5 22. h4 Ba4 23. Qe4 h5 24. Nc4 Qa6 25. Rac1 Rab8 26. Nfd2 Rd4 27. Qf3 Rbd8
28. Qc3 Rd3 29. Qb2 Bxh4 30. Bxh4 Nxh4 31. Nd6 Bc6 32. N2e4 Qa4 33. Qe2 Bxe4
34. Nxe4 g6 35. Nxc5 Qc6 36. Ne4 Qa8 37. f3 Nf5 38. Nd6 Rxa3 39. Ne4 Nd4 40.
Qb2 Rb3 41. Qf2 Kg7 42. Nd6 Nf5 43. Ne4 Rbd3 44. Qe2 Qd5 45. Qf2 Qd4 46. Ra1
Qxf2+ 47. Kxf2 R8d7 48. Ra2 Rb3 49. Rea1 Rb4 50. Rxa7 Rxa7 51. Rxa7 Rb2+ 52.
Kg1 h4 53. Rd7 Rb5 54. Nd6 Nh6 55. f4 Rb1+ 56. Kh2 Rb3 57. Ne4 Rb4 58. Ng5 Rxf4
59. Nh3 Ra4 60. Rd1 Ra2 61. Rf1 Nf5 62. Rg1 Ne3 63. Kh1 Ng4 64. Rf1 Nxe5 65.
Kg1 Ng4 66. Rf2 Ne3 67. Rxa2 Nf5 68. Rf2 Nd4 69. Ng5 1-0

[Event "C&D 2015"]
[Site "?"]
[Date "2015.04.06"]
[Round "6.2"]
[White "Vanhee, Freddy"]
[Black "Peelman, Lieven"]
[Result "0-1"]
[WhiteElo "1833"]
[BlackElo "1580"]
[PlyCount "76"]
[EventDate "2015.??.??"]

1. b3 d5 2. Bb2 c5 3. e3 Nf6 4. Bb5+ Bd7 5. a4 g6 6. Bxf6 exf6 7. Ne2 a6 8.
Bxd7+ Qxd7 9. Nf4 Nc6 10. O-O Bg7 11. Nc3 Nb4 12. Qf3 Rd8 13. Rac1 O-O 14. Nce2
f5 15. Nd3 Na2 16. Nxc5 Qc7 17. d4 Nxc1 18. Rxc1 a5 19. h4 b6 20. Nd3 Rfe8 21.
h5 Re4 22. hxg6 fxg6 23. Ndf4 Bh6 24. g3 Kh8 25. c4 Bxf4 26. cxd5 Bxg3 27. fxg3
Qb8 28. Nf4 Rc8 29. Rc6 Qb7 30. Rxc8+ Qxc8 31. Ng2 Qc3 32. d6 Qxb3 33. d7 Qd5
34. Qd1 Qxd7 35. d5 Rxa4 36. d6 Rc4 37. Qa1+ Kg8 38. Qf6 Rc6 0-1

[Event "C&D 2015"]
[Site "?"]
[Date "2015.04.06"]
[Round "6.3"]
[White "Moerman, Thomas"]
[Black "Vandamme, Florian"]
[Result "1-0"]
[WhiteElo "1555"]
[BlackElo "1788"]
[PlyCount "93"]
[EventDate "2015.??.??"]

1. d4 Nf6 2. c4 d6 3. Nc3 g6 4. e4 Bg7 5. f3 O-O 6. Nge2 Nc6 7. Be3 a6 8. Rc1
Rb8 9. Qd2 b5 10. cxb5 axb5 11. Nxb5 Rxb5 12. Rxc6 Bd7 13. Rc2 Qa8 14. Rxc7
Qxa2 15. Nc1 Qa5 16. Qxa5 Rxa5 17. Bd2 Ra1 18. e5 Re8 19. exf6 exf6+ 20. Kf2
Be6 21. Bc4 d5 22. Bd3 f5 23. Be3 f4 24. Bxf4 Bxd4+ 25. Be3 Bxb2 26. Rf1 Be5
27. Ra7 d4 28. Rxa1 dxe3+ 29. Kxe3 Bxa1 30. Ne2 Bf6 31. Be4 Bg7 32. Kf2 Bc4 33.
Re1 f5 34. Bc2 Bf6 35. Bd1 g5 36. g3 Kg7 37. Bc2 f4 38. gxf4 gxf4 39. Rg1+ Kh6
40. Be4 Bd4+ 41. Nxd4 Rd8 42. Nf5+ Kh5 43. Ng7+ Kh6 44. Nf5+ Kh5 45. Rg7 Bg8
46. Rg4 Rd2+ 47. Ke1 ({Crafty 14.12:} 47. Ke1 47... Rxh2 ({Crafty 14.12:} 47...
Rd6 48. Nxd6 Be6 49. Nf5 Bd7 50. h4 Bxf5 51. Bxf5 Kh6 52. Kf2 Kh5 53. Bxh7 Kh6
54. Bf5 {-11.43/13}) ({Crafty 14.12:} 47... Be6 48. Ng7+ Kh6 49. Nxe6 Rxh2 50.
Rg7 Rh1+ 51. Kf2 Rh2+ 52. Kg1 Rh1+ 53. Kxh1 Kh5 54. Rxh7# {-#7/13}) ({
Crafty 14.12:} 47... Ra2 48. h4 Ra1+ 49. Kd2 Ra2+ 50. Bc2 Rxc2+ 51. Kxc2 Bb3+
52. Kxb3 h6 53. Ng7# {-#6/13}) ({Crafty 14.12:} 47... Rg2 48. Ng7+ Kh6 49. Rxg2
Bf7 50. Nf5+ Kh5 51. h4 h6 52. Rg4 Bb3 53. Ng7# {-#6/13}) 48. Rxg8 Rh1+ 49. Kd2
Rh2+ 50. Kd3 Rh1 51. Bd5 Rd1+ 52. Ke4 Rxd5 53. Kxd5 h6 54. Rh8 Kg5 55. Nxh6 {
-8.96/13}) 1-0

[Event "C&D 2015"]
[Site "?"]
[Date "2015.04.06"]
[Round "6.4"]
[White "Broekmans, Patrik"]
[Black "Van Hoecke, Elena"]
[Result "1-0"]
[WhiteElo "1803"]
[BlackElo "1826"]
[PlyCount "93"]
[EventDate "2015.??.??"]

1. e4 e5 2. Nf3 Nc6 3. Bb5 a6 4. Ba4 Nf6 5. O-O b5 6. Bb3 Be7 7. Re1 O-O 8. c3
Na5 9. Bc2 d6 10. h3 c5 11. d4 exd4 12. cxd4 Bb7 13. b3 Nc6 14. Nbd2 cxd4 15.
Bb2 Nb4 16. Bb1 d3 17. Nd4 d5 18. a3 Nc2 19. Nxc2 dxc2 20. Bxc2 dxe4 21. Nxe4
Nxe4 22. Bxe4 Bxe4 23. Rxe4 Bf6 24. Qxd8 Bxd8 25. Rc1 Bg5 26. f4 f5 27. Re6
Bxf4 28. Rf1 Bg5 29. Bd4 g6 30. b4 Rfe8 31. Rc6 Kf7 32. g4 Be3+ 33. Bxe3 Rxe3
34. gxf5 g5 35. Rc7+ Re7 36. Rc6 a5 37. Rh6 axb4 38. Rxh7+ Kf6 39. Rh6+ Kf7 40.
axb4 Ra4 41. f6 Re2 42. Rh7+ Kg6 43. Rg7+ Kh6 44. f7 Raa2 45. Rf6+ Kxg7 46.
f8=Q+ Kh7 47. Rh6# 1-0

[Event "C&D 2015"]
[Site "?"]
[Date "2015.04.06"]
[Round "6.5"]
[White "Carlier, Sven"]
[Black "Boeckx, Ben"]
[Result "1-0"]
[WhiteElo "1894"]
[BlackElo "1673"]
[PlyCount "41"]
[EventDate "2015.??.??"]

1. e4 d6 2. d4 Nf6 3. Nc3 g6 4. h3 Bg7 5. g4 O-O 6. Bg2 e5 7. Nge2 exd4 8. Nxd4
Re8 9. Be3 Nbd7 10. g5 Nh5 11. Bf3 Bxd4 12. Qxd4 Ng7 13. O-O-O Ne6 14. Qd2 Ne5
15. Be2 f6 16. f4 Nf7 17. gxf6 Qxf6 18. Nd5 Qd8 19. f5 Ng7 20. fxg6 hxg6 21.
Rdf1 1-0

[Event "C&D 2015"]
[Site "?"]
[Date "2015.04.06"]
[Round "6.7"]
[White "Verschraegen, Thomas"]
[Black "Boodts, Jeroen"]
[Result "1-0"]
[WhiteElo "1731"]
[BlackElo "1798"]
[PlyCount "97"]
[EventDate "2015.??.??"]

1. e4 c6 2. d4 d5 3. exd5 cxd5 4. c4 Nf6 5. Nc3 e6 6. Nf3 Be7 7. cxd5 Nxd5 8.
Bd3 O-O 9. O-O Nc6 10. Re1 a6 11. a3 Bf6 12. Be4 Nxc3 13. bxc3 Qa5 14. Qd3 g6
15. Bh6 Rd8 16. h4 Qh5 17. Bg5 Bxg5 18. hxg5 h6 19. gxh6 Qxh6 20. Rab1 Qh5 21.
Re3 Kg7 22. Nh2 Qa5 23. Rg3 f5 24. Bxc6 bxc6 25. Nf3 Rf8 26. Ne5 Rf6 27. Rh3
Qc7 28. Qe3 Kg8 29. Qg5 Qg7 30. Rh6 a5 31. Nxc6 Ba6 32. Ne5 Rc8 33. Rc1 Be2 34.
Rxg6 Rxg6 35. Qxg6 Qxg6 36. Nxg6 Kg7 37. Nf4 Bc4 38. Rb1 Rc6 39. f3 Kf6 40. Kf2
a4 41. Ke3 Bb3 42. Rc1 Kg5 43. Nd3 Rc8 44. Kd2 Kh4 45. Ke3 Kg3 46. Ne1 Bd5 47.
Nd3 Bb3 48. Nf4 Bc4 49. Rh1 1-0

[Event "C&D 2015"]
[Site "?"]
[Date "2015.04.06"]
[Round "6.8"]
[White "Van Muylem, Tom"]
[Black "Van Malder, Dries"]
[Result "0-1"]
[WhiteElo "1796"]
[BlackElo "1474"]
[PlyCount "88"]
[EventDate "2015.??.??"]

1. Nf3 Nf6 2. d4 c5 3. e3 d5 4. Nbd2 e6 5. c3 Bd6 6. Bd3 O-O 7. O-O Nc6 8. Re1
Qb6 9. b3 cxd4 10. cxd4 Nb4 11. Bf1 Bd7 12. a3 Nc6 13. Bb2 Rac8 14. Rc1 Ne7 15.
Ne5 Bb5 16. b4 Bxf1 17. Rxf1 a5 18. Qa4 axb4 19. Nd7 Nxd7 20. Qxd7 bxa3 21. Ba1
Rc6 22. Rb1 Qa5 23. Nb3 Qc7 24. Qxc7 Rxc7 25. Na5 Rb8 26. Rb6 Nc6 27. Nb3 Kf8
28. Rc1 Ke7 29. f3 Na5 30. Nc5 Bxc5 31. dxc5 Nc4 32. Rb5 Rc6 33. Bxg7 b6 34. e4
Rxc5 35. Rb4 b5 36. Bd4 Rc6 37. exd5 exd5 38. Re1+ Kd7 39. Reb1 Ra6 40. Rxb5
Rxb5 41. Rxb5 a2 42. Ba1 Kc6 43. Rb8 Rb6 44. Ra8 Rb1+ 0-1

[Event "C&D 2015"]
[Site "?"]
[Date "2015.04.06"]
[Round "6.10"]
[White "Vanhauwaert, Kurt"]
[Black "Ponnet, Guy"]
[Result "1-0"]
[WhiteElo "1846"]
[BlackElo "1693"]
[PlyCount "63"]
[EventDate "2015.??.??"]

1. e4 d5 2. exd5 Qxd5 3. Nc3 Qa5 4. d4 e5 5. dxe5 Nc6 6. Bb5 Bd7 7. e6 Bxe6 8.
Bxc6+ bxc6 9. Bd2 Bb4 10. a3 Qe5+ 11. Qe2 Bd6 12. Qxe5 Bxe5 13. Nge2 Nf6 14.
O-O O-O 15. Rad1 Rab8 16. b3 Bf5 17. Rc1 Rfd8 18. Be3 a6 19. h3 Rd7 20. g4 Be6
21. f4 Bd6 22. b4 Bc4 23. Rfe1 Re8 24. Nd4 Rde7 25. Nf5 Re6 26. Kf2 Ne4+ 27.
Nxe4 Rxe4 28. Rcd1 Bxf4 29. Bxf4 Rxf4+ 30. Kg3 Rxg4+ 31. hxg4 Be6 32. Nd4 1-0

[Event "C&D 2015"]
[Site "?"]
[Date "2015.04.06"]
[Round "7.1"]
[White "Peelman, Lieven"]
[Black "Harutyunyan, Axel"]
[Result "0-1"]
[WhiteElo "1580"]
[BlackElo "1833"]
[PlyCount "70"]
[EventDate "2015.??.??"]

1. c4 e5 2. Nc3 Nc6 3. g3 g6 4. Bg2 Bg7 5. e3 Nge7 6. Nge2 O-O 7. O-O d6 8. d3
Be6 9. Rb1 a5 10. a3 Qd7 11. Re1 d5 12. cxd5 Nxd5 13. Ne4 Qe7 14. d4 Bf5 15.
N2c3 Nxc3 16. bxc3 exd4 17. exd4 Rfe8 18. Bg5 Qxa3 19. Rb3 Qf8 20. Rxb7 Rac8
21. Nf6+ Bxf6 22. Bxf6 Nd8 23. Rb5 a4 24. Ra5 Rb8 25. h4 Rb1 26. Qxb1 Bxb1 27.
Rxb1 Qd6 28. Be5 Qa3 29. Rb8 Kf8 30. Raa8 Qe7 31. Rc8 c6 32. Bxc6 Nxc6 33. Rxc6
{?} 33... Rxa8 34. Bd6 Qxd6 35. Rxd6 a3 0-1

[Event "C&D 2015"]
[Site "?"]
[Date "2015.04.06"]
[Round "7.2"]
[White "Boschmans, Jos"]
[Black "Broekmans, Patrik"]
[Result "0-1"]
[WhiteElo "1881"]
[BlackElo "1803"]
[PlyCount "28"]
[EventDate "2015.??.??"]

1. d4 Nf6 2. c4 c5 3. Nf3 cxd4 4. Nxd4 e5 5. Nb5 d5 6. cxd5 Qa5+ 7. N5c3 Bb4 8.
Bd2 O-O 9. e4 Bd7 10. Be2 Na6 11. O-O Nc5 12. f3 Na4 13. Nxa4 Bxa4 14. Bxb4
Qb6+ 0-1

[Event "C&D 2015"]
[Site "?"]
[Date "2015.04.06"]
[Round "7.3"]
[White "Verschraegen, Thomas"]
[Black "Moerman, Thomas"]
[Result "0-1"]
[WhiteElo "1731"]
[BlackElo "1555"]
[PlyCount "68"]
[EventDate "2015.??.??"]

1. e4 d6 2. d4 Nf6 3. Nc3 c6 4. Be3 Qc7 5. Qd2 Nbd7 6. a4 e6 7. Bd3 Be7 8. Nge2
O-O 9. f3 c5 10. Ng3 a6 11. a5 b5 12. axb6 Nxb6 13. dxc5 dxc5 14. b3 Rd8 15.
Qe2 Bb7 16. O-O c4 17. bxc4 Bc5 18. Bxc5 Qxc5+ 19. Kh1 Rd4 20. Na4 Nxa4 21.
Rxa4 Rad8 22. Qf2 Nd7 23. Ne2 Rd6 24. Kg1 Qxf2+ 25. Kxf2 Nc5 26. Rb4 Rxd3 27.
Rxb7 Rd2 28. Rc7 Na4 29. Ke3 h6 30. Ra1 Nb2 31. Re1 g5 32. e5 Rxc2 33. c5 Nd1+
34. Ke4 Rc4+ 0-1

[Event "C&D 2015"]
[Site "?"]
[Date "2015.04.06"]
[Round "7.4"]
[White "Van Malder, Dries"]
[Black "Carlier, Sven"]
[Result "1-0"]
[WhiteElo "1474"]
[BlackElo "1894"]
[PlyCount "63"]
[EventDate "2015.??.??"]

1. d4 c5 2. d5 e6 3. c4 exd5 4. cxd5 d6 5. Nc3 Ne7 6. Nf3 Ng6 7. e3 Be7 8. b3
O-O 9. Be2 Bf6 10. Bb2 a6 11. a4 Nd7 12. O-O Re8 13. Nd2 b6 14. Nc4 Nde5 15.
Qc2 Nxc4 16. bxc4 Ne5 17. e4 Ng6 18. Bd3 Nf4 19. Rfb1 Bd4 20. Ne2 Bxb2 21. Rxb2
Nxe2+ 22. Bxe2 Rb8 23. Rab1 f5 24. exf5 Rxe2 25. Qxe2 Bxf5 26. Re1 Kf7 27. Qf3
Qf6 28. Rbe2 g6 29. g4 Rg8 30. gxf5 gxf5+ 31. Kh1 Qg5 32. Qg3 1-0

[Event "C&D 2015"]
[Site "?"]
[Date "2015.04.06"]
[Round "7.6"]
[White "Vandamme, Florian"]
[Black "Vanhauwaert, Kurt"]
[Result "0-1"]
[WhiteElo "1788"]
[BlackElo "1846"]
[PlyCount "102"]
[EventDate "2015.??.??"]

1. d4 Nf6 2. Bg5 c5 3. d5 e6 4. e4 exd5 5. exd5 d6 6. Bc4 Be7 7. Nf3 Bg4 8. O-O
Nbd7 9. Nbd2 O-O 10. h3 Bh5 11. a4 Nxd5 12. Bxd5 Bxg5 13. Ne4 Bf4 14. g4 Bg6
15. Ng3 Nf6 16. c4 Re8 17. Ne2 Nxd5 18. cxd5 Be5 19. Nxe5 dxe5 20. Nc3 Qh4 21.
Qf3 h5 22. Rfe1 hxg4 23. Qxg4 Qxg4+ 24. hxg4 f6 25. Rad1 Rad8 26. Rd2 Re7 27.
f4 Kf8 28. f5 Bf7 29. d6 Red7 30. Ne4 b6 31. Kf2 Bb3 32. Ra1 Bc4 33. Rc1 Ba6
34. Rcd1 Bb7 35. Nc3 Kf7 36. a5 Bc6 37. a6 Rh8 38. Kg3 g6 39. Rf2 gxf5 40. Rxf5
Ke6 41. Rdf1 Rh6 42. Rh5 Rg6 43. Kh4 Rxd6 44. Rh7 Rd7 45. Rh8 Rd4 46. Rg1 Rd2
47. Rc8 Kd7 48. Rf8 Rxb2 49. Rf7+ Ke6 50. Rxa7 Rb3 51. Ne2 Rh6# 0-1

[Event "C&D 2015"]
[Site "?"]
[Date "2015.04.06"]
[Round "7.7"]
[White "Wagner, Hans"]
[Black "Vanhee, Freddy"]
[Result "0-1"]
[WhiteElo "1735"]
[BlackElo "1833"]
[PlyCount "87"]
[EventDate "2015.??.??"]

1. e4 c5 2. Nc3 Nc6 3. f4 a6 4. Nf3 e6 5. Be2 Qc7 6. d3 d6 7. O-O g6 8. e5 d5
9. d4 cxd4 10. Nb1 Bc5 11. Bd3 Nge7 12. Nbd2 Nf5 13. Nb3 Ba7 14. Bxf5 gxf5 15.
Ng5 d3+ 16. Kh1 dxc2 17. Qh5 Nd8 18. Qh6 Qe7 19. Qg7 Qf8 20. Qxf8+ Kxf8 21. Bd2
Nc6 22. Rac1 h6 23. Nf3 Bd7 24. Rxc2 Kg7 25. Rfc1 Rac8 26. Be1 Kh7 27. Bd2 Ne7
28. Rc7 Rxc7 29. Rxc7 Rd8 30. Rxb7 Nc6 31. Na5 Bf2 32. Nxc6 Bxc6 33. Rxf7+ Kg8
34. Rf6 d4 35. Rxe6 Bd5 36. Rxh6 Bxa2 37. Rxa6 Bd5 38. h4 Bxf3 39. gxf3 Bxh4
40. Rh6 Be7 41. Rh5 Rb8 42. b4 Bxb4 43. Rxf5 Bxd2 44. e6 0-1

[Event "C&D 2015"]
[Site "?"]
[Date "2015.04.06"]
[Round "7.8"]
[White "Bauwens, Steven"]
[Black "Droesbeke, Patrick"]
[Result "1-0"]
[WhiteElo "1708"]
[BlackElo "1827"]
[PlyCount "91"]
[EventDate "2015.??.??"]

1. e4 c6 2. d4 d5 3. f3 dxe4 4. Bc4 e5 5. dxe5 Qxd1+ 6. Kxd1 exf3 7. Nxf3 Bg4
8. Rf1 Nd7 9. Bf4 Ne7 10. h3 Bxf3+ 11. Rxf3 Nb6 12. Bb3 Ned5 13. Ke2 Bc5 14.
Nc3 Nxc3+ 15. bxc3 O-O 16. Rd1 Rad8 17. Rfd3 Be7 18. e6 fxe6 19. Bxe6+ Kh8 20.
Be5 Rxd3 21. Rxd3 Bf6 22. Bxf6 gxf6 23. Kf3 Kg7 24. Kf4 Kg6 25. Rg3+ Kh6 26. c4
Rd8 27. Rd3 Rxd3 28. cxd3 Na4 29. d4 Kg7 30. Bc8 b6 31. Bd7 Nc3 32. Bxc6 Nxa2
33. d5 Kf7 34. Bd7 Ke7 35. Bf5 h6 36. Kg4 Nc3 37. Kh5 a5 38. Bc2 a4 39. Kxh6 a3
40. Bb3 a2 41. Bxa2 Nxa2 42. Kg7 Nc3 43. h4 Ne4 44. h5 Nd6 45. h6 Ne8+ 46. Kg6
1-0